<?xml version="1.0" encoding="UTF-8"?>
<record
    xmlns:xsi="http://www.w3.org/2001/XMLSchema-instance"
    xsi:schemaLocation="http://www.loc.gov/MARC21/slim http://www.loc.gov/standards/marcxml/schema/MARC21slim.xsd"
    xmlns="http://www.loc.gov/MARC21/slim">

  <leader>01866nam a22003377a 4500</leader>
  <controlfield tag="003">DO-SdBNP</controlfield>
  <controlfield tag="005">20230224125157.0</controlfield>
  <controlfield tag="007">ta</controlfield>
  <controlfield tag="008">110301s2021    dr acdo       001 0 spa d</controlfield>
  <datafield tag="020" ind1=" " ind2=" ">
    <subfield code="a">9780916101107</subfield>
  </datafield>
  <datafield tag="040" ind1=" " ind2=" ">
    <subfield code="a">DO-SdBNP</subfield>
    <subfield code="b">spa</subfield>
    <subfield code="c">BNPHU</subfield>
  </datafield>
  <datafield tag="082" ind1=" " ind2="4">
    <subfield code="a">972.93000451</subfield>
    <subfield code="b">I88L</subfield>
    <subfield code="2">22</subfield>
  </datafield>
  <datafield tag="245" ind1="0" ind2="4">
    <subfield code="a">The italian legacy in the Dominican Republic :</subfield>
    <subfield code="b">history, architecture, economics, society /</subfield>
    <subfield code="c">edici&#xF3;n Andrea Canepari ; prefacio Luis Abinader, Josep F. Chorpenning ; coordinaci&#xF3;n  textos en espa&#xF1;ol Jos&#xE9; Chez Checo ; traducci&#xF3;n David Auerbach</subfield>
  </datafield>
  <datafield tag="260" ind1=" " ind2=" ">
    <subfield code="a">Philadelphia, Estados Unidos :</subfield>
    <subfield code="b">Saint Josephs University,</subfield>
    <subfield code="c">2021.</subfield>
  </datafield>
  <datafield tag="300" ind1=" " ind2=" ">
    <subfield code="a">536 p. :</subfield>
    <subfield code="b">il., fots., grafcs, mapas, rets., </subfield>
    <subfield code="c">30 cm.</subfield>
  </datafield>
  <datafield tag="500" ind1=" " ind2=" ">
    <subfield code="a">Incluye referencias bibliogr&#xE1;ficas y notas al pie d las p&#xE1;ginas</subfield>
  </datafield>
  <datafield tag="500" ind1=" " ind2=" ">
    <subfield code="a">Incluye bibliograf&#xED;a al final de los cap&#xED;tulos </subfield>
  </datafield>
  <datafield tag="505" ind1="2" ind2=" ">
    <subfield code="t">Foreword --</subfield>
    <subfield code="t">Preface --</subfield>
    <subfield code="t">Acknowledgments --</subfield>
    <subfield code="t">Introduction --</subfield>
    <subfield code="g">History --</subfield>
    <subfield code="t">General subjects --</subfield>
    <subfield code="t">Columbus and the sixteenth century --</subfield>
    <subfield code="t">Ecclesiastical history --</subfield>
    <subfield code="t">Political history --</subfield>
    <subfield code="g">Architecture --</subfield>
    <subfield code="t">Colonial architecture --</subfield>
    <subfield code="t">Modern architecture --</subfield>
    <subfield code="g">Literature and the arts --</subfield>
    <subfield code="g">Economics and sciencie --</subfield>
    <subfield code="g">Journalism, law and society --</subfield>
    <subfield code="t">The authors --</subfield>
    <subfield code="t">Indexes of names and places --</subfield>
  </datafield>
  <datafield tag="590" ind1=" " ind2=" ">
    <subfield code="a">Inventariado, 2022/ YL</subfield>
  </datafield>
  <datafield tag="650" ind1=" " ind2="4">
    <subfield code="a">Italianos en Rep&#xFA;blica Dominicana</subfield>
    <subfield code="9">82904</subfield>
    <subfield code="x">Historia</subfield>
  </datafield>
  <datafield tag="650" ind1=" " ind2="4">
    <subfield code="9">82905</subfield>
    <subfield code="a">Arquitectura italiana </subfield>
    <subfield code="z">Rep&#xFA;blica Dominicana</subfield>
  </datafield>
  <datafield tag="650" ind1=" " ind2="4">
    <subfield code="a">Cultura italiana</subfield>
    <subfield code="z">Rep&#xFA;blica Dominicana</subfield>
    <subfield code="9">82946</subfield>
  </datafield>
  <datafield tag="651" ind1=" " ind2="4">
    <subfield code="a">Rep&#xFA;blica Dominicana</subfield>
    <subfield code="x">Civilizaci&#xF3;n</subfield>
    <subfield code="x">Influencia italiana</subfield>
    <subfield code="9">82947</subfield>
  </datafield>
  <datafield tag="700" ind1="1" ind2="2">
    <subfield code="a">Canepari, Andrea</subfield>
    <subfield code="e">ed.</subfield>
    <subfield code="9">73802</subfield>
  </datafield>
  <datafield tag="700" ind1="1" ind2=" ">
    <subfield code="a">Abinader, Luis</subfield>
    <subfield code="e">pref.</subfield>
    <subfield code="9">82907</subfield>
  </datafield>
  <datafield tag="700" ind1="1" ind2=" ">
    <subfield code="a">Chorpenning, Joseph F. </subfield>
    <subfield code="9">1591</subfield>
  </datafield>
  <datafield tag="700" ind1="1" ind2=" ">
    <subfield code="a">Chez Checo, Jos&#xE9;</subfield>
    <subfield code="9">82908</subfield>
  </datafield>
  <datafield tag="700" ind1="1" ind2=" ">
    <subfield code="a">Auerbach, David</subfield>
    <subfield code="e">tr.</subfield>
    <subfield code="9">82909</subfield>
  </datafield>
  <datafield tag="910" ind1=" " ind2=" ">
    <subfield code="a">YLockward/Validado. Control de calidad MFF</subfield>
  </datafield>
  <datafield tag="942" ind1=" " ind2=" ">
    <subfield code="2">ddc</subfield>
    <subfield code="c">LBS1</subfield>
  </datafield>
  <datafield tag="952" ind1=" " ind2=" ">
    <subfield code="0">0</subfield>
    <subfield code="1">0</subfield>
    <subfield code="2">ddc</subfield>
    <subfield code="5">1</subfield>
    <subfield code="7">0</subfield>
    <subfield code="8">PD</subfield>
    <subfield code="a">BNPHU</subfield>
    <subfield code="b">BNPHU</subfield>
    <subfield code="c">HD</subfield>
    <subfield code="d">2021-07-20</subfield>
    <subfield code="e">Embajada de Italia</subfield>
    <subfield code="o">BNPHU PD 972.9300451 I88L</subfield>
    <subfield code="p">2022-5799</subfield>
    <subfield code="r">2022-11-29</subfield>
    <subfield code="w">2022-11-29</subfield>
    <subfield code="y">LBS1</subfield>
  </datafield>
  <datafield tag="999" ind1=" " ind2=" ">
    <subfield code="c">53025</subfield>
    <subfield code="d">53025</subfield>
  </datafield>
</record>
